Traccia le coste del Mediterraneo sulla carta - Statistics

Statistiche generali
  • Questo quiz è stato fatto 2.545 volte
  • Il punteggio medio è 12 su 29
Risposte nella Mappa
Le risposte nella mappa del quiz sottostante sono codificate secondo una scala di colori dal rosso al verde in base alla % di persone che hanno risposto correttamente.
 
Statistiche sulle risposte
Pays % Corretto
Spagna
100%
Regno Unito (Gibilterra)
53%
Francia
44%
Croazia
42%
Italia
42%
Monaco
42%
Slovenia
42%
Bosnia-Erzegovina
41%
Grecia
41%
Albania
40%
Turchia
40%
Israele
39%
Montenegro
39%
Spagna
39%
Egitto
38%
Francia
38%
Libano
38%
Siria
38%
Algeria
37%
Libia
37%
Tunisia
37%
Croazia (Dubrovnik)
36%
Marocco
36%
Spagna (Melilla)
33%
Marocco
32%
Marocco
31%
Marocco
31%
Spagna (Peñón de Vélez de la Gomera)
31%
Spagna (Ceuta)
30%
Nessun quiz corrispondente trovato
Distribuzione punteggi
Percentuale di utenti per punteggio
Percentile per numero di risposta
I tuoi punteggi nel tempo
Non hai fatto questo quiz